000 01292nam0a2200301 i 4500
001 RU\NLR\BIBL_A\010303331
005 20260405092042.0
010 _a9785982228376
_9500
021 _aRU
_b14-8116
035 _a(NILC)RuMoRGB-006742601
035 _a(NLR Aleph) 010303331
090 _a10604382
_c10604382
100 _a20140408d2013 km y0rusy50 ca
101 0 _arus
102 _aRU
105 _aa|||z||||||||
200 1 _aКвантово-классическое моделирование ионной специфичности L- и D-аминокислотных каналов
_eмонография
_fА. В. Дмитриев
210 _aВоронеж
_cНаучная книга
_d2013
215 _a168 с.
_cил., табл.
_d21
320 _aБиблиогр.: с. 136-168 (487 назв.)
606 1 _aБиологические мембраны
_xИонные каналы
_xМоделирование
_92182473
_3RU\NLR\AUTH\6601548827
686 1 _aЕ071.151в605
700 1 _8rus
_7ca
_aДмитриев
_bА. В.
_cд-р физ.-мат. наук, канд. хим. наук
_f1974-
_gАндрей Викторович
_3RU\NLR\AUTH\7733255
_916263
801 0 _aRU
_bРГБ
_c20140219
_gRCR
942 _cBOOK
980 _aNBR